Minecraft Quiz (Part 1) - Statistics

General Stats
  • This quiz has been taken 194 times
  • The average score is 8 of 9
Answer Stats
Hint Answer % Correct
What color is the rarest for a sheep Pink
99%
Boys name Steve
99%
Who is the end boss of minecraft Ender Dragon
98%
What animal is known for scarying away creepers Ocelot/Cat
94%
Steve varient but with white eyes Herobrine
93%
Besides an iron golem what is the other golem in the game Snow golem
93%
What company now owns the game Microsoft
92%
Who created the game Notch
92%
What food gives you the most hunger bars Cooked Beef/Cooked Pork
81%
No matching quizzes found
Score Distribution
Percent of People with Each Score
Percentile by Number Answered
Your Score History
You have not taken this quiz